• 首页
  • 本馆介绍
  • 公告通知
  • 最新文献
  • 馆藏检索
  • 电子资源
  • 读者导购
  • 参考咨询
  • 我的图书馆
  • 登录
  • 详细信息显示
  • 放入我的书架
  • 预约/预借图书
  • 作者相关作品
  • 分类相关作品
  • 丛书相关作品
  • 出版社相关作品

书目信息

  • 表格格式
  • 工作单格式
  • 卡片格式
题名:
玩透意大利
    
 
作者: 潘锡凤 , 黄雅诗 , 陈乔文 著
分册:  
出版信息: 北京   电子工业出版社  2014
页数: 317页
开本: 21cm
丛书名:
单 册:
中图分类: K954.69
科图分类:
主题词: 旅游指南--意大利
电子资源:
ISBN: 978-7-121-23384-5
000 01237nam0 2200313 450
001 794
005 20160908145733.79
010    @a978-7-121-23384-5@dCNY54.80
100    @a20141101d2014 em y0chiy50 ea
101 0  @achi
102    @aCN@b110000
105    @aab z 000yy
200 1  @a玩透意大利@9wan tou yi da li@dItaly@zeng@f潘锡凤,陈乔文,黄雅诗著
210    @a北京@c电子工业出版社@d2014
215    @a317页@c彩图,地图@d21cm
300    @a达人旅行手册 最新版
305    @a由台湾太雅出版有限公司授权出版
312    @a本书原名:罗马·佛罗伦萨·威尼斯·米兰
330    @a本书以优美、流畅的文笔,简明扼要地阐述了意大利的地理环境、政治经济、历史变革、文化艺术,以大量富有艺术感染力的彩色照片,生动形象地展示了意大利最具特色的名胜古迹、风土人情和自然风光。
510 1  @aItaly@zeng
517 1  @a罗马·佛罗伦萨·威尼斯·米兰@9luo ma · fo luo lun si · wei ni si · mi lan
606 0  @a旅游指南@y意大利
690    @aK954.69@v5
701  0 @a潘锡凤@9pan xi feng@4著
701  0 @a黄雅诗@9huang ya shi@4著
701  0 @a陈乔文@9chen qiao wen@4著
777    @a14063532@a14063533@bC@bC@ca@ca@d0@d0@e54.80@e54.80@f54.80@f54.80@g20150426@g20150426
801  0 @aCN@b唐山师范学院图书馆@c20160723
905    @aZUCC@dK954.69@e360
    
    玩透意大利=Italy/潘锡凤,陈乔文,黄雅诗著.-北京:电子工业出版社,2014
    317页:彩图,地图;21cm
    达人旅行手册 最新版
    
    ISBN 978-7-121-23384-5:CNY54.80
    本书以优美、流畅的文笔,简明扼要地阐述了意大利的地理环境、政治经济、历史变革、文化艺术,以大量富有艺术感染力的彩色照片,生动形象地展示了意大利最具特色的名胜古迹、风土人情和自然风光。
●
相关链接 在E读中查询图书 在五车中查询图书 在当当中查询图书 在豆瓣中查询图书


正题名:玩透意大利     索取号:K954.69/360         预约/预借

序号 登录号 条形码 馆藏地/架位号 状态 备注
1 903485   209034855   第二样本阅览室/ [索取号:K954.69/360] 在馆    
2 903486   209034864   第二借阅区/ [索取号:K954.69/360] 在馆    
3 903487   209034873   第二借阅区/ [索取号:K954.69/360] 在馆    
4 903488   209034882   第二借阅区/ [索取号:K954.69/360] 在馆    
5 903489   209034891   第二借阅区/ [索取号:K954.69/360] 在馆    
唐山师范学院图书馆 欢迎您!
大连网信软件有限公司© 版权所有